00715 2200229 4500001002100000005001700021008004100038020001800079035002400097040001200121082000800133090001300141245015300154250001100307260004100318300002500359504002500384650002400409700002200433850001200455990001800467YOGYA-0209000005093920090227032601.0 ind  a979-416-191-8 0010-020900000050939 aYOPDYOG a407 a407bBer aBERBAGAI pendekatan dalam pengajaran bahasa dan sastrabstruktur humanistik komunikatif pragmatikcBambang Kaswanti Purwo ; editor, Muljanto Sumardi aCet. 1 aJakartabPustaka Sinar Harapanc1992 a225 hlmbilusc20 cm aTermasuk bibliografi aBahasa - Pendidikan asumardi, Mulyanto aYOPDYOG a81179-P/96b1